| 000 | 01401cam a2200397 a 4500 | ||
|---|---|---|---|
| 999 |
_c27961 _d27932 |
||
| 001 | 15621265 | ||
| 003 | EG-ScBUE | ||
| 005 | 20200127105238.0 | ||
| 008 | 090211s2006 cc a f 000 0 eng d | ||
| 020 | _a7508504569 (pbk.) | ||
| 020 | _a9787508504568 (pbk.) | ||
| 035 | _a(OCoLC)ocm61214828 | ||
| 040 |
_aSOM _cSOM _beng _erda _dPIT _dCUY _dAU@ _dSINLB _dDLC _dEG-ScBUE |
||
| 041 | 1 |
_aeng _hchi |
|
| 043 | _aa-cc--- | ||
| 082 | 0 | 4 |
_a709.51 _bLII _222 |
| 100 | 1 |
_aLi, Li, _d1952- _eauthor. |
|
| 240 | 1 | 0 |
_aZhongguo wen wu. _lEnglish |
| 245 | 1 | 0 |
_aChina's cultural relics / _cLi Li ; translated by Li Zhurun. |
| 250 | _aSecond edition. | ||
| 264 | 1 |
_aBeijing : _bChina Intercontinental Press, _c2006. |
|
| 300 |
_a164 pages : _bcolor illustrations ; _c23 cm. |
||
| 336 |
_2rdacontent _atext _btxt |
||
| 337 |
_2rdamedia _aunmediated _bn |
||
| 338 |
_2rdacarrier _avolume _bnc |
||
| 490 | 0 |
_aCultural China series ; _vvolume 1 |
|
| 546 | _aText in English ; translated from the original Chinese language. | ||
| 651 | 7 |
_aChina _xAntiquities. _2BUEsh |
|
| 653 |
_bGGEN _cJanuary2020 |
||
| 655 | _vReading book | ||
| 700 | 1 |
_aLi, Zhurun, _etranslator. |
|
| 906 |
_a7 _bcbc _ccopycat _d3 _encip _f20 _gy-gencatlg |
||
| 942 |
_2ddc _cBB |
||